000 01172cam a22002291i 4500
999 _c78717
_d315994
003 SA-RiAUC
005 20200228173010.0
008 120526s 2019 ts g 000 0 ara c
020 _a9789948398578
040 _aMa-un
_bara
_erda
082 0 4 _a237.3
_221
_bس ع ب
100 1 _a السبتي، عياض بن موسى،
_d476-544 هجري
_eمؤلف.
_985055
245 1 0 _aبغية الرائد لما تضمنه حديث أم زرع من الفوائد /
_cالقاضي أبي الفضل عياض بن موسى بن عياض ؛ حققه محمد عايش؛ محمد عبد الرحيم سلطان العلماء.
264 1 _aدبي، الإمارات العربية المتحدة :
_bجائزة دبي الدولية للقرآن الكريم، وحدة البحوث والدراسات،
_c2019
_m1440
300 _a380 صفحة
_c24 سم.
504 _aيشتمل على قائمة ببليوجرافية.
650 7 _aالحديث
_xشرح
_985056
700 _aعايش، محمد،
_eمحقق.
_985057
700 _aسلطان العلماء، محمد عبد الرحيم،
_eمقدم.
_985058
942 _2ddc
_cBOOK
949 _aSA-RiPNU
_n1
_d2020/2/28
_upnusvn